[Event "Innsbruck op 3rd"]
[Site "Innsbruck"]
[Date "2019.08.28"]
[Round "6"]
[White "Delaney, Killian"]
[Black "Hrbolka, Ladislav"]
[Result "1-0"]
[WhiteElo "2247"]
[BlackElo "2108"]
[PlyCount "59"]
[EventDate "2019.08.25"]
[EventType "swiss"]
[EventRounds "9"]
[EventCountry "AUT"]
[SourceTitle "EXT 2020"]
[Source "ChessBase"]
[SourceDate "2019.10.17"]
[SourceVersion "1"]
[SourceVersionDate "2019.10.17"]
[SourceQuality "1"]

1. e4 c6 2. d4 d5 3. e5 c5 4. dxc5 Nc6 5. a3 Nxe5 6. b4 e6 7. Bb2 Nc6 8. Nf3 Nf6 9. c4 Be7 10. Nbd2 0-0 11. Qc2 Bd7 12. Bd3 Rc8 13. 0-0 h6 14. Rfe1 Re8 15. Rab1 Bf8 16. Ba1 Nb8 17. cxd5 Nxd5 18. Nc4 b6 19. Bh7+ Kh8 20. Nfe5 Re7 21. Nd6 Be8 22. Nxc8 Qxc8 23. cxb6 Qxc2 24. Bxc2 axb6 25. Be4 Nf6 26. Bf3 Ra7 27. Rbc1 Nbd7 28. Rc8 Kg8 29. Bb2 Bd6 30. Nxd7 1-0

[Event "Prague op"]
[Site "Prague"]
[Date "2019.03.09"]
[Round "1"]
[White "Hrbolka, Ladislav"]
[Black "Rasik, Vitezslav"]
[Result "0-1"]
[WhiteElo "2107"]
[BlackElo "2463"]
[PlyCount "56"]
[EventDate "2019.03.09"]
[EventType "swiss"]
[EventRounds "9"]
[EventCountry "CZE"]
[SourceTitle "CBM 189 Extra"]
[Source "ChessBase"]
[SourceDate "2019.06.03"]
[SourceVersion "1"]
[SourceVersionDate "2019.06.03"]
[SourceQuality "1"]

1. d4 g6 2. Nf3 Nf6 3. c4 Bg7 4. Nc3 0-0 5. e4 d6 6. Be2 e5 7. d5 a5 8. Bg5 h6 9. Be3 Na6 10. Nd2 Nh7 11. 0-0 Bd7 12. a3 f5 13. exf5 gxf5 14. f4 Qe7 15. Rc1 Nc5 16. Re1 Nf6 17. h3 exf4 18. Bxf4 Nfe4 19. Ndxe4 fxe4 20. Rf1 Qh4 21. Bh2 Qg5 22. Kh1 Rxf1+ 23. Bxf1 Rf8 24. Rc2 Qf5 25. Be2 Na4 26. Qe1 e3 27. Qc1 Nxc3 28. bxc3 Qe4 0-1

[Event "Zalakaros op 37th"]
[Site "Zalakaros"]
[Date "2018.05.31"]
[Round "7"]
[White "Kincs, Imre"]
[Black "Hrbolka, Ladislav"]
[Result "1-0"]
[WhiteElo "2210"]
[BlackElo "2089"]
[PlyCount "63"]
[EventDate "2018.05.25"]
[EventType "swiss"]
[EventRounds "9"]
[EventCountry "HUN"]
[SourceTitle "EXT 2019"]
[Source "ChessBase"]
[SourceDate "2018.10.10"]
[SourceVersion "1"]
[SourceVersionDate "2018.10.10"]
[SourceQuality "1"]

1. d4 Nf6 2. Nf3 e6 3. Bg5 h6 4. Bh4 b6 5. e3 Bb7 6. Nbd2 Be7 7. a4 a5 8. c3 0-0 9. Qc2 d5 10. Bxf6 Bxf6 11. g4 Nd7 12. h4 Be7 13. Be2 Ba6 14. g5 h5 15. Bxa6 Rxa6 16. g6 f5 17. Nf1 Qe8 18. Qe2 Ra8 19. Rg1 Rf6 20. Ng5 Rxg6 21. Qxh5 Rh6 22. Qf3 Nf8 23. Ng3 Rxh4 24. Nxe6 Qf7 25. Nxc7 Ra7 26. Nxd5 f4 27. Ne2 Bd6 28. e4 Qe6 29. e5 Bxe5 30. dxe5 Qxe5 31. 0-0-0 Ne6 32. Nxb6 1-0

[Event "Zalakaros op 37th"]
[Site "Zalakaros"]
[Date "2018.05.30"]
[Round "6"]
[White "Hrbolka, Ladislav"]
[Black "Molnar, Gabor2222"]
[Result "1-0"]
[WhiteElo "2089"]
[BlackElo "1943"]
[PlyCount "47"]
[EventDate "2018.05.25"]
[EventType "swiss"]
[EventRounds "9"]
[EventCountry "HUN"]
[SourceTitle "EXT 2019"]
[Source "ChessBase"]
[SourceDate "2018.10.10"]
[SourceVersion "1"]
[SourceVersionDate "2018.10.10"]
[SourceQuality "1"]

1. c4 Nf6 2. Nf3 e6 3. g3 b6 4. Bg2 Bb7 5. 0-0 c5 6. Nc3 Be7 7. d4 cxd4 8. Qxd4 Nc6 9. Qf4 a6 10. Rd1 d6 11. b3 Qc7 12. Bb2 Ne5 13. Na4 Ned7 14. Rac1 0-0 15. Nd2 Rfd8 16. e4 Rac8 17. Qe3 Bc6 18. Nc3 Nc5 19. h3 Qb7 20. b4 Na4 21. Nxa4 Bxa4 22. e5 d5 23. exf6 Bxb4 24. Nb3 1-0

[Event "CZE-chT2A 1718"]
[Site "Czech Republic"]
[Date "2018.04.08"]
[Round "11.3"]
[White "Freisler, Pavel"]
[Black "Hrbolka, Ladislav"]
[Result "1-0"]
[WhiteElo "2240"]
[BlackElo "2087"]
[PlyCount "75"]
[EventDate "2017.10.15"]
[EventType "team-tourn"]
[EventRounds "11"]
[EventCountry "CZE"]
[SourceTitle "EXT 2022"]
[Source "ChessBase"]
[SourceDate "2021.10.06"]
[SourceVersion "1"]
[SourceVersionDate "2021.10.06"]
[SourceQuality "1"]
[WhiteTeam "Kladno"]
[BlackTeam "Most Chess"]
[WhiteTeamCountry "CZE"]
[BlackTeamCountry "CZE"]

1. Nf3 d5 2. c4 d4 3. e3 Nc6 4. exd4 Nxd4 5. Nxd4 Qxd4 6. Nc3 c6 7. Be2 g6 8. d3 Nh6 9. Be3 Qd8 10. g4 Bg7 11. h3 f5 12. Qd2 Nf7 13. 0-0-0 Qa5 14. d4 Bd7 15. f4 0-0-0 16. Qc2 Kb8 17. Qa4 Qxa4 18. Nxa4 Nd6 19. Nc3 b5 20. c5 b4 21. cxd6 bxc3 22. dxe7 cxb2+ 23. Kd2 Rde8 24. Rb1 Rxe7 25. Rxb2+ Kc7 26. Bf3 Rhe8 27. Rb3 Rb8 28. Rxb8 Kxb8 29. d5 cxd5 30. Bc5 Re6 31. Bxd5 Ra6 32. gxf5 gxf5 33. Rb1+ Kc7 34. Rb7+ Kc8 35. Rxa7 Rh6 36. a4 Rxh3 37. Bb6 Bc3+ 38. Kc2 1-0

[Event "CZE-chT2A 1718"]
[Site "Czech Republic"]
[Date "2018.03.18"]
[Round "10"]
[White "Michalek, Jan"]
[Black "Hrbolka, Ladislav"]
[Result "1-0"]
[WhiteElo "2261"]
[BlackElo "2087"]
[PlyCount "65"]
[EventDate "2017.10.15"]
[EventType "team-tourn"]
[EventRounds "11"]
[EventCountry "CZE"]
[SourceTitle "EXT 2022"]
[Source "ChessBase"]
[SourceDate "2021.10.06"]
[SourceVersion "1"]
[SourceVersionDate "2021.10.06"]
[SourceQuality "1"]
[WhiteTeam "Kozolupy"]
[BlackTeam "Most Chess"]
[WhiteTeamCountry "CZE"]
[BlackTeamCountry "CZE"]

1. e4 c5 2. Nf3 d6 3. d4 cxd4 4. Nxd4 Nf6 5. Nc3 a6 6. Bc4 e6 7. Bb3 Nbd7 8. Bg5 Nc5 9. Qf3 Be7 10. 0-0-0 Qc7 11. Rhe1 0-0 12. Kb1 Bd7 13. Qg3 b5 14. Bh6 g6 15. Bxf8 Bxf8 16. a3 Nxb3 17. Nxb3 Bc6 18. Qf4 Be7 19. f3 e5 20. Qd2 a5 21. Nd5 Nxd5 22. exd5 Bd7 23. g4 Bf6 24. Qd3 b4 25. Nd2 bxa3 26. Qxa3 Bh4 27. Re4 Bf2 28. Rc4 Bc5 29. Ne4 Bb5 30. Rxc5 dxc5 31. d6 Qc6 32. d7 Rd8 33. Qxa5 1-0